Languages of the Roman Empire with a Map - Statistics

General Stats
  • This quiz has been taken 60,886 times
    58,029 since last reset
  • The average score is 13 of 58
Answers on the Map
Answers color-coded by a green-red scale on the quiz's map according to % correct below.
 
Answer Stats
Languages % Correct
Latin
95%
Greek
89%
Old Arabic
79%
Old Persian
62%
Demotic
60%
Gaulish
60%
Biblical Hebrew
59%
Armenian
48%
Aquitanian
44%
Elbe Germanic
43%
Weser-Rhine Germanic
43%
Old Aramaic
42%
Georgian
41%
Eastern Berber
39%
Northern Berber
39%
Paleo-Sardinian
31%
Paleo-Corsican
30%
Dacian
28%
Common Brittonic
27%
Gallaecian
27%
Phoenician
26%
Iberian
24%
Thracian
21%
Illyrian
20%
Nubian
17%
Punic
17%
Ligurian
16%
Lusitanian
16%
Sarmatian
12%
Ancient Cappadocian
11%
Celtiberian
10%
Galatian
10%
Abazgi
9%
Rhaetic
9%
West Circassian
9%
East Circassian
8%
Parthian
8%
Phrygian
8%
Median
7%
Noric
6%
Avar-Andic
5%
Kabyle
5%
Alanic
4%
Isaurian
4%
Meroitic
4%
Beja
3%
Colchian
3%
Dardanian
3%
Paeonian
3%
Pisidian
3%
Svan
3%
Ubykh
3%
Khinalug
2%
Nakh
2%
Paphlagonian
2%
Samur
2%
Turdetani
2%
Tsezic
1%
No matching quizzes found
Score Distribution
Percent of People with Each Score
Percentile by Number Answered
Your Score History
You have not taken this quiz since the last reset